[Event "Titled Tuesday intern op 12th Mar Early"]
[Site "Chess.com INT"]
[Date "2024.03.12"]
[Round "6"]
[White "San, Thit Lwin"]
[Black "Bambino Filho, Antonio Carlos"]
[Result "0-1"]
[WhiteElo "2242"]
[BlackElo "2168"]
[PlyCount "58"]
[EventDate "2024.03.12"]
[EventType "swiss (blitz)"]
[EventRounds "11"]
[EventCountry "USA"]
[SourceTitle "CB12_2024"]
[SourceDate "2023.10.01"]
[SourceVersion "1"]
[SourceVersionDate "2023.10.01"]
[SourceQuality "1"]

1. Nf3 c5 2. c4 Nc6 3. e3 e5 4. Nc3 f5 5. d3 Nf6 6. g3 g6 7. Bg2 Bg7 8. 0-0 0-0 9. a3 d6 10. Rb1 h6 11. b4 Rb8 12. b5 Ne7 13. d4 cxd4 14. exd4 e4 15. Ne1 d5 16. Bf4 Ra8 17. c5 g5 18. Bd6 Be6 19. Nc2 Ne8 20. Bxe7 Qxe7 21. Ne3 Rd8 22. c6 f4 23. Nc2 f3 24. Bh1 Qf7 25. Nb4 Qh5 26. cxb7 Nf6 27. Nc6 Ng4 28. h4 gxh4 29. Ne7+ Kh7 0-1

[Event "Titled Tuesday intern op 13th Feb Early"]
[Site "Chess.com INT"]
[Date "2024.02.13"]
[Round "1"]
[White "Shapiro, Viktor"]
[Black "San, Thit Lwin"]
[Result "0-1"]
[WhiteElo "2113"]
[BlackElo "2242"]
[PlyCount "82"]
[EventDate "2024.02.13"]
[EventType "swiss (blitz)"]
[EventRounds "11"]
[EventCountry "USA"]
[SourceTitle "CB08_2024"]
[SourceDate "2024.02.21"]
[SourceVersion "1"]
[SourceVersionDate "2024.02.21"]
[SourceQuality "1"]

1. c4 Nf6 2. Nc3 e5 3. g3 Nc6 4. Bg2 Bc5 5. e3 d6 6. Nge2 0-0 7. d4 Bb6 8. h3 Re8 9. 0-0 exd4 10. exd4 Bf5 11. g4 Bg6 12. Bg5 h6 13. Bh4 Bh7 14. f4 g5 15. fxg5 Ne4 16. Rxf7 hxg5 17. Rxh7 Nxc3 18. bxc3 Kxh7 19. Qd3+ Kg7 20. Ng3 gxh4 21. Nf5+ Kh8 22. Qd2 Qf6 23. Rf1 Ne5 24. g5 Nxc4 25. Qf4 Qg6 26. Qxh4+ Qh7 27. Nh6 Rf8 28. Rf6 Ne3 29. Be4 Rxf6 30. gxf6 Rg8+ 31. Nxg8 Qxh4 32. f7 Qg3+ 33. Kh1 Qf4 34. Ne7 Qxf7 35. Ng6+ Kg7 36. Nh4 Qf4 37. Bxb7 Qxh4 38. Kh2 Qf2+ 39. Kh1 Qg3 40. a4 Nf1 41. Bg2 Qh2# 0-1

[Event "Titled Tuesday intern op 04th Jul Early"]
[Site "Chess.com INT"]
[Date "2023.07.04"]
[Round "3"]
[White "Nefedov, Sergey Anatolievich"]
[Black "San, Thit Lwin"]
[Result "1-0"]
[WhiteElo "2304"]
[BlackElo "2242"]
[PlyCount "101"]
[EventDate "2023.07.04"]
[EventType "swiss (blitz)"]
[EventRounds "11"]
[EventCountry "USA"]
[SourceTitle "EXT 2024"]
[Source "ChessBase"]
[SourceDate "2023.10.10"]
[SourceVersion "1"]
[SourceVersionDate "2023.10.10"]
[SourceQuality "1"]

1. d4 Nf6 2. Nf3 c5 3. c3 e6 4. Bf4 d5 5. e3 Bd6 6. Ne5 0-0 7. Nd2 Nc6 8. Ndf3 Bd7 9. Nxf7 Rxf7 10. Bxd6 cxd4 11. exd4 Qb6 12. Qb3 Nxd4 13. Qxb6 Nxf3+ 14. gxf3 axb6 15. Kd2 Ne8 16. Be5 Rxf3 17. Bd4 e5 18. Bg2 exd4 19. Bxf3 dxc3+ 20. Kxc3 Bc6 21. Kd2 Nd6 22. b3 d4 23. Bxc6 bxc6 24. Rhe1 Kf7 25. a4 c5 26. Re5 c4 27. Rd5 Ne4+ 28. Ke1 cxb3 29. Rxd4 Nc3 30. Rb4 b5 31. Rxb3 Nxa4 32. Rxb5 Re8+ 33. Kf1 Nc3 34. Rb7+ Kf8 35. Raa7 Ne4 36. Rf7+ Kg8 37. Rxg7+ Kh8 38. Rxh7+ Kg8 39. Rag7+ Kf8 40. Rh8+ Kxg7 41. Rxe8 Nd2+ 42. Ke2 Nc4 43. h4 Nd6 44. Re6 Nf5 45. Re4 Kg6 46. Kf3 Nd6 47. Re6+ Kf5 48. Rxd6 Ke5 49. Rg6 Kf5 50. Rg5+ Kf6 51. Kf4 1-0

[Event "Titled Tuesday intern op 20th Jun Early"]
[Site "Chess.com INT"]
[Date "2023.06.20"]
[Round "2"]
[White "San, Thit Lwin"]
[Black "Parpiev, Isaak"]
[Result "0-1"]
[WhiteElo "2242"]
[BlackElo "2123"]
[PlyCount "48"]
[EventDate "2023.06.20"]
[EventType "swiss (blitz)"]
[EventRounds "11"]
[EventCountry "USA"]
[SourceTitle "EXT 2024"]
[Source "ChessBase"]
[SourceDate "2023.10.10"]
[SourceVersion "1"]
[SourceVersionDate "2023.10.10"]
[SourceQuality "1"]

1. Nf3 Nf6 2. c4 g6 3. Nc3 Bg7 4. e4 d6 5. d4 0-0 6. Be2 e5 7. 0-0 Nc6 8. d5 Ne7 9. b4 Nh5 10. Re1 h6 11. c5 Nf4 12. Bc4 g5 13. a4 f5 14. exf5 Bxf5 15. Bb2 Neg6 16. Rc1 Bg4 17. Ne4 Nxg2 18. Rc3 N2h4 19. Be2 Nxf3+ 20. Bxf3 Rxf3 21. Rxf3 Nh4 22. Rf8+ Qxf8 23. Qxg4 Nf3+ 24. Kf1 Nxh2+ 0-1

[Event "Titled Tuesday intern op 18th Oct Early"]
[Site "Chess.com INT"]
[Date "2022.10.18"]
[Round "6"]
[White "San, Thit Lwin"]
[Black "Ovchinnikov, Vsevolod"]
[Result "1/2-1/2"]
[WhiteElo "2242"]
[BlackElo "2426"]
[PlyCount "137"]
[EventDate "2022.10.18"]
[EventType "swiss (blitz)"]
[EventRounds "11"]
[EventCountry "USA"]
[SourceTitle "EXT 2024"]
[Source "ChessBase"]
[SourceDate "2023.10.10"]
[SourceVersion "1"]
[SourceVersionDate "2023.10.10"]
[SourceQuality "1"]

1. Nf3 Nf6 2. c4 g6 3. Nc3 d5 4. cxd5 Nxd5 5. Qa4+ c6 6. e4 Nb6 7. Qb3 Be6 8. Qc2 Bg7 9. e5 Bg4 10. Qe4 Bxf3 11. gxf3 f5 12. exf6 Bxf6 13. h4 Qd4 14. h5 g5 15. h6 N8d7 16. Bh3 Nc5 17. Qxd4 Bxd4 18. Ke2 Rd8 19. Bf5 Nc4 20. d3 Nd6 21. Be4 Bxc3 22. bxc3 Ndxe4 23. dxe4 Ne6 24. Be3 b6 25. a4 Kf7 26. a5 c5 27. axb6 axb6 28. Ra7 Ra8 29. Rha1 Rxa7 30. Rxa7 Rb8 31. c4 b5 32. cxb5 Rxb5 33. Kd3 Rb2 34. Ra5 Rb3+ 35. Kc4 Rb4+ 36. Kc3 Rb6 37. Kc4 Rb4+ 38. Kd5 Rb6 39. Ra8 Rd6+ 40. Kc4 Rc6 41. Rh8 Kg6 42. Re8 Kf7 43. Rb8 Kg6 44. Re8 Kf7 45. Rh8 Kg6 46. Ra8 Kxh6 47. Re8 Rc7 48. Kd5 Nf4+ 49. Bxf4 gxf4 50. Kc4 Kg5 51. Rf8 h5 52. Rf5+ Kg6 53. Rxf4 e6 54. Rh4 Kg5 55. Rh3 h4 56. Rh1 Rf7 57. Rg1+ Kh5 58. Rh1 Rxf3 59. Kxc5 Rxf2 60. Kd6 Kg4 61. Kxe6 h3 62. e5 h2 63. Kd7 Rd2+ 64. Ke7 Re2 65. e6 Kg3 66. Kd7 Kg2 67. Rxh2+ Kxh2 68. e7 Rxe7+ 69. Kxe7 1/2-1/2

[Event "Titled Tuesday intern op 18th Oct Early"]
[Site "Chess.com INT"]
[Date "2022.10.18"]
[Round "9"]
[White "San, Thit Lwin"]
[Black "Veiga, Jose Francisco RP"]
[Result "0-1"]
[WhiteElo "2242"]
[BlackElo "2409"]
[PlyCount "48"]
[EventDate "2022.10.18"]
[EventType "swiss (blitz)"]
[EventRounds "11"]
[EventCountry "USA"]
[SourceTitle "EXT 2024"]
[Source "ChessBase"]
[SourceDate "2023.10.10"]
[SourceVersion "1"]
[SourceVersionDate "2023.10.10"]
[SourceQuality "1"]

1. Nf3 g6 2. c4 Bg7 3. d4 Nf6 4. Nc3 d5 5. Bf4 0-0 6. cxd5 Nxd5 7. Nxd5 Qxd5 8. Bxc7 Nc6 9. e3 Bg4 10. Be2 Rfc8 11. Bg3 Nb4 12. 0-0 Bf5 13. a3 Nc2 14. Rc1 Qb3 15. Ne5 Qxb2 16. Nd3 Bxd3 17. Qxd3 Nxa3 18. Ra1 Rc3 19. Qd1 b5 20. Bf3 Rac8 21. Bd5 e6 22. Ba2 Nc2 23. Qb1 Qxa1 24. Qxa1 Nxa1 0-1

[Event "Titled Tuesday intern op 18th Oct Early"]
[Site "Chess.com INT"]
[Date "2022.10.18"]
[Round "11"]
[White "Thorhallsson, Simon"]
[Black "San, Thit Lwin"]
[Result "1-0"]
[WhiteElo "2171"]
[BlackElo "2242"]
[PlyCount "87"]
[EventDate "2022.10.18"]
[EventType "swiss (blitz)"]
[EventRounds "11"]
[EventCountry "USA"]
[SourceTitle "EXT 2024"]
[Source "ChessBase"]
[SourceDate "2023.10.10"]
[SourceVersion "1"]
[SourceVersionDate "2023.10.10"]
[SourceQuality "1"]

1. e4 Nf6 2. e5 Nd5 3. c4 Nb6 4. d4 d6 5. f4 dxe5 6. fxe5 Nc6 7. Be3 Bf5 8. Nc3 e6 9. Nf3 Be7 10. Be2 f6 11. exf6 Bxf6 12. 0-0 0-0 13. b3 Qe7 14. Rc1 Rad8 15. Qd2 h6 16. Rfd1 Kh8 17. Qe1 Qf7 18. h3 Qg6 19. Kh1 Rd7 20. Nh4 Bxh4 21. Qxh4 Rfd8 22. Bf3 Kh7 23. Ne4 Kg8 24. Nc5 Nb4 25. Nxd7 Rxd7 26. Bh5 Qf6 27. Qxf6 gxf6 28. a4 Kg7 29. Bf3 c6 30. a5 Nc8 31. d5 Ne7 32. dxe6 Bxe6 33. Rxd7 Bxd7 34. Bc5 Nd3 35. Rd1 Nxc5 36. b4 Be6 37. bxc5 Bxc4 38. Rd7 Kf8 39. Rxb7 Nd5 40. Rxa7 Nb4 41. Rb7 Nd3 42. Kh2 Nxc5 43. Rc7 Bb5 44. Bxc6 1-0

[Event "Titled Tuesday intern op 28th Jun Early"]
[Site "Chess.com INT"]
[Date "2022.06.28"]
[Round "1"]
[White "San, Thit Lwin"]
[Black "Maiorov, Nikita"]
[Result "0-1"]
[WhiteElo "2242"]
[BlackElo "2474"]
[PlyCount "46"]
[EventDate "2022.06.28"]
[EventType "swiss (blitz)"]
[EventRounds "11"]
[EventCountry "USA"]
[SourceTitle "CBM 209 Extra"]
[Source "ChessBase"]
[SourceDate "2022.09.30"]
[SourceVersion "1"]
[SourceVersionDate "2022.09.30"]
[SourceQuality "1"]

1. Nf3 d5 2. c4 e6 3. d4 Nf6 4. Nc3 a6 5. cxd5 exd5 6. Bg5 Be6 7. e3 Nbd7 8. Bd3 Bd6 9. Rc1 0-0 10. 0-0 c6 11. Qe2 Qb8 12. Rfd1 h6 13. Bh4 Re8 14. a3 Ng4 15. b4 Bxh2+ 16. Kf1 Bd6 17. Bb1 g5 18. Qc2 Ndf6 19. Bxg5 hxg5 20. Nxg5 Bg3 21. Rd2 Bxf2 22. Nd1 Bxe3 23. Re2 Bxg5 0-1

[Event "Titled Tuesday intern op 28th Jun Early"]
[Site "Chess.com INT"]
[Date "2022.06.28"]
[Round "2"]
[White "Urbina Perez, Juan Antonio"]
[Black "San, Thit Lwin"]
[Result "1-0"]
[WhiteElo "2274"]
[BlackElo "2242"]
[PlyCount "93"]
[EventDate "2022.06.28"]
[EventType "swiss (blitz)"]
[EventRounds "11"]
[EventCountry "USA"]
[SourceTitle "CBM 209 Extra"]
[Source "ChessBase"]
[SourceDate "2022.09.30"]
[SourceVersion "1"]
[SourceVersionDate "2022.09.30"]
[SourceQuality "1"]

1. e4 Nf6 2. e5 Nd5 3. d4 d6 4. Nf3 Bg4 5. exd6 cxd6 6. Be2 e6 7. 0-0 Be7 8. h3 Bh5 9. Nbd2 0-0 10. Ne4 Bg6 11. Ng3 Nc6 12. c3 e5 13. dxe5 dxe5 14. Bd3 Nxc3 15. bxc3 Qxd3 16. Qxd3 Bxd3 17. Re1 f6 18. Be3 Rac8 19. Red1 Rfd8 20. Ne1 Bg6 21. h4 h5 22. Ne2 b6 23. f4 Kf7 24. Nf3 Rxd1+ 25. Rxd1 Rd8 26. Rxd8 Bxd8 27. fxe5 Nxe5 28. Nfd4 Nc4 29. Bf4 Bb1 30. Nc6 Be7 31. Nxa7 Bxa2 32. Nc6 Bc5+ 33. Kh2 Na5 34. Ncd4 Bd5 35. Bc7 Nc4 36. Nf4 Be4 37. Nxh5 Bxd4 38. cxd4 b5 39. Nf4 b4 40. d5 b3 41. d6 b2 42. d7 Ke7 43. d8Q+ Kf7 44. Qd7+ Kg8 45. Qe8+ Kh7 46. Qxe4+ Kg8 47. Qxc4+ 1-0

[Event "Titled Tuesday intern op 10th May Early"]
[Site "Chess.com INT"]
[Date "2022.05.10"]
[Round "1"]
[White "Al Tarbosh, Ward"]
[Black "San, Thit Lwin"]
[Result "1-0"]
[WhiteElo "2186"]
[BlackElo "2242"]
[PlyCount "63"]
[EventDate "2022.05.10"]
[EventType "swiss (blitz)"]
[EventRounds "11"]
[EventCountry "USA"]
[SourceTitle "CBM 208 Extra"]
[Source "ChessBase"]
[SourceDate "2022.07.31"]
[SourceVersion "1"]
[SourceVersionDate "2022.07.31"]
[SourceQuality "1"]

1. e4 Nf6 2. e5 Nd5 3. d4 d6 4. Nf3 Bg4 5. Be2 e6 6. 0-0 Be7 7. c4 Nb6 8. Nc3 0-0 9. Be3 Nc6 10. exd6 cxd6 11. d5 Bxf3 12. Bxf3 Ne5 13. dxe6 fxe6 14. Bxb7 Rb8 15. Be4 Nbxc4 16. Bd4 d5 17. Bc2 Bf6 18. b3 Nb2 19. Bxh7+ Kxh7 20. Qh5+ Kg8 21. Bxe5 Nd3 22. Bxb8 Qxb8 23. Rad1 Nf4 24. Qf3 Bxc3 25. Qg4 d4 26. g3 e5 27. gxf4 Rxf4 28. Qe6+ Kh7 29. Rd3 Rh4 30. Rg3 Qd8 31. Qg6+ Kh8 32. Qxg7# 1-0

[Event "Titled Tuesday intern op 10th May Early"]
[Site "Chess.com INT"]
[Date "2022.05.10"]
[Round "2"]
[White "Martin Duque, Jesus"]
[Black "San, Thit Lwin"]
[Result "1-0"]
[WhiteElo "2391"]
[BlackElo "2242"]
[PlyCount "36"]
[EventDate "2022.05.10"]
[EventType "swiss (blitz)"]
[EventRounds "11"]
[EventCountry "USA"]
[SourceTitle "CBM 208 Extra"]
[Source "ChessBase"]
[SourceDate "2022.07.31"]
[SourceVersion "1"]
[SourceVersionDate "2022.07.31"]
[SourceQuality "1"]

1. Nf3 Nf6 2. b3 d5 3. Bb2 Bf5 4. d3 e6 5. Nbd2 c5 6. g3 Nc6 7. Ne5 Nxe5 8. Bxe5 Bd6 9. Bb2 0-0 10. Bg2 Rc8 11. e4 dxe4 12. dxe4 Bg4 13. f3 c4 14. Nxc4 Rxc4 15. bxc4 Nxe4 16. fxg4 Bb4+ 17. Ke2 Qb6 18. Bxe4 Rd8 1-0

[Event "Titled Tuesday intern op 19th Apr Early"]
[Site "Chess.com INT"]
[Date "2022.04.19"]
[Round "2"]
[White "San, Thit Lwin"]
[Black "Kotepalli, Sai Nirupama"]
[Result "0-1"]
[WhiteElo "2242"]
[BlackElo "1912"]
[PlyCount "136"]
[EventDate "2022.04.19"]
[EventType "swiss (blitz)"]
[EventRounds "11"]
[EventCountry "USA"]
[SourceTitle "EXT 2023"]
[Source "ChessBase"]
[SourceDate "2022.10.05"]
[SourceVersion "1"]
[SourceVersionDate "2022.10.05"]
[SourceQuality "1"]

1. Nf3 Nc6 2. c4 g6 3. d4 Bg7 4. Nc3 d6 5. d5 Ne5 6. Bf4 Nxf3+ 7. exf3 Nf6 8. Bd3 e5 9. dxe6 Bxe6 10. 0-0 0-0 11. Qd2 Nd7 12. Bh6 Bxh6 13. Qxh6 Ne5 14. Rfd1 Qf6 15. Ne4 Qg7 16. Qxg7+ Kxg7 17. b3 Bf5 18. Bf1 Rfe8 19. Ng3 Be6 20. Re1 Rad8 21. Rad1 Nc6 22. f4 Nb4 23. Rd2 a5 24. a3 Na6 25. f3 Nc5 26. b4 axb4 27. axb4 Na6 28. Rb2 h5 29. h4 c5 30. bxc5 Nxc5 31. Rd1 Bc8 32. Rbd2 Re6 33. f5 Rf6 34. fxg6 fxg6 35. Kf2 Rd7 36. Rd5 b6 37. Kg1 Bb7 38. R5d4 Nb3 39. R4d3 Na5 40. Rd5 Bxd5 41. Rxd5 Rf4 42. Ne4 Nb7 43. g3 Rxf3 44. Bg2 Rf5 45. Rd2 Kf8 46. Ng5 Rf6 47. Bh3 Re7 48. Rb2 d5 49. cxd5 Nc5 50. Be6 Nxe6 51. Nxe6+ Rfxe6 52. dxe6 Rxe6 53. Kf2 Ke7 54. Rb5 Kd7 55. Kf3 Kc6 56. Rb2 b5 57. g4 hxg4+ 58. Kxg4 Kc5 59. h5 gxh5+ 60. Kxh5 b4 61. Rc2+ Kb5 62. Kg4 b3 63. Rc8 Rb6 64. Rc1 b2 65. Rb1 Kc4 66. Kf3 Kc3 67. Ke2 Kc2 68. Rd1 Re6+ 0-1

[Event "Titled Tuesday intern op 08th Mar Early"]
[Site "Chess.com INT"]
[Date "2022.03.08"]
[Round "6"]
[White "San, Thit Lwin"]
[Black "Begunov, Konstantin"]
[Result "0-1"]
[WhiteElo "2242"]
[BlackElo "2325"]
[PlyCount "86"]
[EventDate "2022.03.08"]
[EventType "swiss (blitz)"]
[EventRounds "11"]
[EventCountry "USA"]
[SourceTitle "CBM 207 Extra"]
[Source "ChessBase"]
[SourceDate "2022.05.31"]
[SourceVersion "1"]
[SourceVersionDate "2022.05.31"]
[SourceQuality "1"]

1. Nf3 d5 2. c4 c6 3. d4 Nf6 4. Nc3 dxc4 5. a4 Bg4 6. Ne5 Bh5 7. Nxc4 Na6 8. f3 Nb4 9. a5 Qxd4 10. Qxd4 Nc2+ 11. Kf2 Nxd4 12. e4 Nb3 13. Rb1 Nxc1 14. Rxc1 Nd7 15. f4 e5 16. fxe5 Bc5+ 17. Kg3 0-0 18. Be2 Bxe2 19. Nxe2 Rfe8 20. Kf4 Re7 21. Rhd1 Rae8 22. Ng3 Nxe5 23. Nf5 Ng6+ 24. Kf3 Rxe4 25. g4 Rf4+ 26. Kg3 Bf2+ 27. Kh3 h5 28. gxh5 Rxf5 29. hxg6 fxg6 30. Nd6 Rf3+ 31. Kg2 Ref8 32. Rf1 R3f4 33. Rc4 Rxc4 34. Nxc4 Bd4 35. Rd1 c5 36. b4 Rf2+ 37. Kg3 Rc2 38. bxc5 Rxc4 39. Rb1 Bxc5 40. Rxb7 Kh7 41. Kf3 Rc2 42. h4 Ra2 43. Rc7 Bg1 0-1

[Event "Titled Tuesday intern op 01st Mar Early"]
[Site "Chess.com INT"]
[Date "2022.03.01"]
[Round "1"]
[White "Eynullayev, Atilla Elshan"]
[Black "San, Thit Lwin"]
[Result "1-0"]
[WhiteElo "2324"]
[BlackElo "2242"]
[PlyCount "71"]
[EventDate "2022.03.01"]
[EventType "swiss (blitz)"]
[EventRounds "11"]
[EventCountry "USA"]
[SourceTitle "CBM 207 Extra"]
[Source "ChessBase"]
[SourceDate "2022.05.31"]
[SourceVersion "1"]
[SourceVersionDate "2022.05.31"]
[SourceQuality "1"]

1. e4 Nf6 2. e5 Nd5 3. d4 d6 4. Nf3 Bg4 5. Be2 e6 6. Nbd2 Be7 7. h3 Bh5 8. 0-0 0-0 9. Ne4 Bg6 10. Ng3 Nc6 11. c3 dxe5 12. Nxe5 Nxe5 13. dxe5 Bc5 14. Kh2 Qh4 15. Qd2 h6 16. b4 Bb6 17. c4 Rad8 18. cxd5 Rxd5 19. Qf4 Qe7 20. Bb2 Rfd8 21. Rfd1 Bc2 22. Rxd5 Rxd5 23. Rc1 Bg6 24. Bf3 Rb5 25. a3 Bxf2 26. Ne4 Bh4 27. g3 Bxe4 28. Qxe4 Bxg3+ 29. Kxg3 Qg5+ 30. Kh2 Qd2+ 31. Qe2 Qf4+ 32. Kg2 Qg5+ 33. Kf1 a5 34. Qxb5 Qf5 35. Qe2 axb4 36. axb4 1-0

[Event "Titled Tuesday intern op 08th Feb Early"]
[Site "Chess.com INT"]
[Date "2022.02.08"]
[Round "4"]
[White "San, Thit Lwin"]
[Black "Maze, Sebastien"]
[Result "0-1"]
[WhiteElo "2242"]
[BlackElo "2527"]
[PlyCount "82"]
[EventDate "2022.02.08"]
[EventType "swiss (blitz)"]
[EventRounds "11"]
[EventCountry "USA"]
[SourceTitle "CBM 206 Extra"]
[Source "ChessBase"]
[SourceDate "2022.03.31"]
[SourceVersion "1"]
[SourceVersionDate "2022.03.31"]
[SourceQuality "1"]

1. Nf3 Nf6 2. c4 g6 3. Nc3 Bg7 4. e4 0-0 5. d4 d6 6. Be2 Na6 7. 0-0 e5 8. Be3 c6 9. Qc2 Ng4 10. Bg5 Qe8 11. d5 h6 12. Bd2 f5 13. Rad1 c5 14. a3 f4 15. Nb5 Qe7 16. b4 g5 17. Ne1 Nf6 18. Nd3 Nxe4 19. f3 Nxd2 20. Qxd2 e4 21. fxe4 Nc7 22. Nxc7 Qxc7 23. bxc5 Bd4+ 24. Kh1 dxc5 25. e5 Bf5 26. d6 Qg7 27. Bf3 Be3 28. Qc3 Rae8 29. Bd5+ Kh8 30. Rb1 b6 31. Bc6 Bxd3 32. Bxe8 Bxb1 33. d7 Qe7 34. Rxb1 Bd4 35. Qe1 f3 36. gxf3 Rxf3 37. e6 Re3 38. Qf1 Rxe6 39. Qf7 Re1+ 40. Kg2 Qe4+ 41. Kh3 Re3+ 0-1

[Event "Titled Tuesday intern op 08th Feb Early"]
[Site "Chess.com INT"]
[Date "2022.02.08"]
[Round "2"]
[White "San, Thit Lwin"]
[Black "Stankovic, Ivan G"]
[Result "1/2-1/2"]
[WhiteElo "2242"]
[BlackElo "2255"]
[PlyCount "120"]
[EventDate "2022.02.08"]
[EventType "swiss (blitz)"]
[EventRounds "11"]
[EventCountry "USA"]
[SourceTitle "CBM 206 Extra"]
[Source "ChessBase"]
[SourceDate "2022.03.31"]
[SourceVersion "1"]
[SourceVersionDate "2022.03.31"]
[SourceQuality "1"]

1. Nf3 Nf6 2. c4 d6 3. Nc3 g6 4. d4 Bg7 5. e4 Nbd7 6. Be2 e5 7. 0-0 0-0 8. Be3 c6 9. Qd2 Ng4 10. Bg5 f6 11. Bh4 Qe7 12. Rfd1 Rd8 13. b4 a5 14. b5 g5 15. Bg3 Nf8 16. dxe5 Nxe5 17. Bxe5 fxe5 18. Qxg5 Qxg5 19. Nxg5 h6 20. Nf3 Ne6 21. bxc6 bxc6 22. Rab1 Nd4 23. Nxd4 exd4 24. Na4 Be6 25. Rb6 c5 26. Nxc5 dxc5 27. Rxe6 Rab8 28. e5 d3 29. Bf3 Rd4 30. Bd5 Kh8 31. Ra6 Bxe5 32. g3 d2 33. f4 Bg7 34. Rxa5 Re8 35. Kf2 Rd3 36. Ra8 Bd4+ 37. Kg2 Rxa8 38. Bxa8 Ra3 39. Rxd2 Rxa8 40. Re2 Kg7 41. Kf3 Kf6 42. g4 Ra3+ 43. Kg2 Re3 44. Rxe3 Bxe3 45. Kf3 Bg1 46. Ke4 Bxh2 47. a4 Ke6 48. a5 Kd6 49. g5 hxg5 50. fxg5 Bg1 51. g6 Bd4 52. a6 Kc6 53. a7 Kb7 54. Kd5 Kxa7 55. g7 Bxg7 56. Kxc5 Kb7 57. Kd5 Kc8 58. c5 Kc7 59. Ke6 Bf8 60. Kd5 Bxc5 1/2-1/2

[Event "Titled Tuesday intern op 01st Feb-A"]
[Site "Chess.com INT"]
[Date "2022.02.01"]
[Round "2"]
[White "San, Thit Lwin"]
[Black "Domingo Nunez, Alejandro"]
[Result "0-1"]
[WhiteElo "2242"]
[BlackElo "2339"]
[PlyCount "72"]
[EventDate "2022.02.01"]
[EventType "swiss (blitz)"]
[EventRounds "11"]
[EventCountry "USA"]
[SourceTitle "CBM 206 Extra"]
[Source "ChessBase"]
[SourceDate "2022.03.31"]
[SourceVersion "1"]
[SourceVersionDate "2022.03.31"]
[SourceQuality "1"]

1. Nf3 Nc6 2. c4 Nf6 3. d4 d6 4. Nc3 Bg4 5. e3 e5 6. Be2 Ke7 7. 0-0 g6 8. h3 Bf5 9. Re1 Bg7 10. a3 Re8 11. Bf1 Kf8 12. e4 exd4 13. Nxd4 Nxd4 14. exf5 Rxe1 15. Qxe1 Nc2 16. Qd1 Nxa1 17. fxg6 hxg6 18. Be3 Qd7 19. Qxa1 a6 20. Qd1 Re8 21. Qd2 Ne4 22. Nxe4 Rxe4 23. c5 d5 24. b4 Qe6 25. Bd3 Re5 26. Bf4 Re1+ 27. Kh2 Be5 28. g3 Bxf4 29. Qxf4 Qe5 30. Qh6+ Kg8 31. h4 Qd4 32. Qd2 Rb1 33. h5 Rb2 34. Qg5 Rxf2+ 35. Kh3 Qxd3 36. h6 Qf5+ 0-1

[Event "Titled Tuesday intern op 01st Feb-A"]
[Site "Chess.com INT"]
[Date "2022.02.01"]
[Round "1"]
[White "San, Thit Lwin"]
[Black "Yang, Kaiqi"]
[Result "0-1"]
[WhiteElo "2242"]
[BlackElo "2481"]
[PlyCount "80"]
[EventDate "2022.02.01"]
[EventType "swiss (blitz)"]
[EventRounds "11"]
[EventCountry "USA"]
[SourceTitle "CBM 206 Extra"]
[Source "ChessBase"]
[SourceDate "2022.03.31"]
[SourceVersion "1"]
[SourceVersionDate "2022.03.31"]
[SourceQuality "1"]

1. Nf3 Nf6 2. c4 g6 3. Nc3 Bg7 4. e4 d6 5. d4 0-0 6. Be2 Na6 7. 0-0 e5 8. Be3 exd4 9. Nxd4 Re8 10. f3 c6 11. Kh1 d5 12. cxd5 cxd5 13. Bg5 Nc7 14. Rc1 h6 15. Bh4 g5 16. Bg3 dxe4 17. Bxc7 Qxc7 18. Ncb5 Qe5 19. Nc7 Bd7 20. Nxa8 Rxa8 21. fxe4 Nxe4 22. Nf3 Qe8 23. Bc4 Be6 24. Bxe6 Qxe6 25. Rc7 Qb6 26. Qc2 Re8 27. g3 Qe6 28. b3 g4 29. Nh4 Qd5 30. Qg2 Re6 31. Nf5 Be5 32. Rc8+ Kh7 33. Ne3 Qd4 34. Nxg4 Bg7 35. Rc7 Rg6 36. Rcxf7 Rxg4 37. Rc7 Qd5 38. Rcf7 Qh5 39. Qf3 Nxg3+ 40. Qxg3 Rxg3 0-1